| 000 | 01559cam a2200433 a 4500 | ||
|---|---|---|---|
| 001 | 20415 | ||
| 003 | VRT | ||
| 005 | 20260122122951.0 | ||
| 008 | 250414s1995 xo grf 000 0 slo | ||
| 015 | _aSNBA1995/0902382 | ||
| 020 | _a8085487268 | ||
| 035 | _aSNK000001553 | ||
| 035 | _aurn:nbn:sk:snk-amkdwg | ||
| 035 | _aurn:nbn:sk:snk-am003pd8 | ||
| 035 | _a129B1AF8-E521-4950-9E11-6A70F4BCBF69 | ||
| 039 | 9 |
_a202504141511 _bVLOAD _c202502260917 _dmsnk160 _c202502260916 _dmsnk160 _c202403141056 _dVLOAD |
|
| 040 |
_aSNK _bslo _cSNK _eAACR2 |
||
| 041 | 1 |
_aslo _hita |
|
| 044 |
_axo _cSK |
||
| 080 |
_a261:282 _21981 |
||
| 080 |
_a304 _21981 |
||
| 100 | 0 |
_aJán Pavol _bII., _cpápež, _d1920-2005 _4aut |
|
| 245 | 1 | 0 |
_aPrekročiť prah nádeje _cJán Pavol II. ; editor Vittorio Messori |
| 260 |
_aBratislava _bNové Mesto _aRím _bSlovenský ústav sv. Cyrila a Metoda _c1995 |
||
| 300 |
_a201 s. _bZoz. skr. _c21 cm |
||
| 500 | _aFaksim. rkp. na predsádkach | ||
| 500 | _aZ tal. orig. prel. Mikuláš Hučko | ||
| 650 | 0 | 7 |
_aviera kresťanská _xúvahy _2SNK |
| 655 | 7 |
_apríručky _2SNK |
|
| 700 | 1 |
_aVančo, Ladislav, _d1949- _4oth |
|
| 700 | 1 |
_aHučko, Mikuláš _4trl |
|
| 911 |
_aKN 1995/09 _b02382 _c02350 |
||
| 942 |
_2ddc _cOLDO _n0 |
||
| 949 |
_9P60, <09>, [BOOK], {629} _asnkC 1303 _bsnk2549/950807 |
||
| 949 |
_617A0079148 _9P60, <04>, [BOOK], {604} _asnkSC 88761 D1 _bsnkKSP 6845/95 |
||
| 949 |
_617A1012814 _asnkSC 88761 _bsnkKSP 6844/95 _s6100:20140925 |
||
| 999 |
_c20415 _d20415 |
||